000 00570nam a22001817a 4500
005 20170517123624.0
010 _aENG-118206
020 _a9788189766665
_c995.00
035 _aEN-101738
037 _bDBAD/PUB
082 _a338.064
100 _aH D Kumar
245 _aCleaner production
_bSustainable trade & industrial ecology /
_cby H D Kumar & Enakshi Kumar
260 _aNew Delhi
_bVitasta Publishing
_c2016
270 _a2/15, Ansari Road, Daryaganj, New Delhi-110002
300 _axvi, 380p
_c23cm.(Hb)
942 _2ddc
_cEN
_h338.064
_mKUM
999 _c140017
_d140017